| 000 | 00730cam a2200241 04500 | ||
|---|---|---|---|
| 001 | 5950 | ||
| 021 | _b28216/89 | ||
| 090 | _a5950 | ||
| 100 | _a20211231d1979 de|y0pory5003 ba | ||
| 200 | 1 |
_aAstérix entre os Belgas _fRené Goscinny _gil. Albert Uderzo |
|
| 210 | 9 |
_aLisboa _cMeribérica _d[D.L. 1979] |
|
| 215 |
_a48 p. _cil. |
||
| 225 | 2 | _aUma aventura de Astérix, o gaulês | |
| 304 | _aAstérix Chez Les Belges | ||
| 606 |
_91862 _aBanda Desenhada |
||
| 675 |
_a087.5 _vBN _zpor |
||
| 675 |
_a741(=1:44)"19/20" _vBN _zpor |
||
| 675 |
_a821.133.1-9"19" _vBN _zpor |
||
| 700 |
_aGoscinny _f1926-1977 _bRené _93392 |
||
| 702 |
_aUderzo _bAlbert _f1927-2020 _93361 |
||
| 801 | 0 |
_aPT _bBMVN _gRPC |
|
| 830 |
_cInês Silva _d31/12/2021 |
||
| 990 | _cLIVROS | ||